Optimization of PALS measurement technique for advanced microstructural analysis of SCWR steels : dátum obhajoby 22.8.2022

Uložené v:
Podrobná bibliografia
Hlavný autor: Saro, Matúš (Autor)
Ďalší autori: Slugeň, Vladimír (Vedúci práce)
Médium: Rukopis Kniha
Jazyk:Slovak
English
Vydavateľské údaje: Bratislava : STU v Bratislave FEI, 2022
Predmet:
On-line prístup:https://opac.crzp.sk/?fn=detailBiblioFormChildQHEPJ&sid=5E8AE344A08831ABCF8B6DB27583&seo=CRZP-detail-kniha
Tagy: Pridať tag
Žiadne tagy, Buďte prvý, kto otaguje tento záznam!

MARC

LEADER 00000ntm a22000003a 4500
001 stuzp59985
003 SK-STU
005 20231106123742.5
007 ta
008 150427s2015----xo-----f-mn---000-0-slo-d
040 |a STU  |b slo 
041 0 |a eng 
044 |a xo 
100 1 |a Saro, Matúš  |u 036000  |4 aut  |U FEI Fakulta elektrotechniky a informatiky  |T FEI Ústav jadrového a fyzikálneho inžinierstva  |X 9047  |U E060  |Y 817  |7 A000009047 
242 0 1 |a Optimalizácia PALS meracej techniky pre pokročilú mikroštruktúrnu analýzu ocelí pre SCWR  |y slo 
245 1 0 |a Optimization of PALS measurement technique for advanced microstructural analysis of SCWR steels :  |b dátum obhajoby 22.8.2022 
260 |a Bratislava : 
260 |b STU v Bratislave FEI, 
260 |c 2022 
300 |a 76 s.,  |b Autoref. 2022, 21 s. 
500 |a Len v elektronickej podobe 
650 4 |a PALS,  |2 slo 
650 4 |a Geant4  |2 slo 
650 4 |a SiPM  |2 slo 
650 4 |a Štrukturálna analýza  |2 slo 
650 4 |a SiPM  |2 eng 
650 4 |a Geant4  |2 eng 
650 4 |a PALS  |2 eng 
650 4 |a Miscrostructural analysis  |2 eng 
700 1 |a Slugeň, Vladimír  |u 036000  |k Z1  |4 ths  |U FEI Fakulta elektrotechniky a informatiky  |T FEI Ústav jadrového a fyzikálneho inžinierstva  |X 1909  |U E060  |Y 817  |7 A000001909 
856 4 |u https://opac.crzp.sk/?fn=detailBiblioFormChildQHEPJ&sid=5E8AE344A08831ABCF8B6DB27583&seo=CRZP-detail-kniha